[Event "Lagan Grey Kaspian Sea-C"]
[Site "Lagan"]
[Date "2007.07.23"]
[Round "?"]
[White "Sangadzhi Goriaev, Sanal"]
[Black "Mankirov, Vladimir"]
[Result "0-1"]
[WhiteElo "1603"]
[BlackElo "1667"]
[PlyCount "48"]
[EventDate "2007.07.23"]
[EventType "tourn"]
[EventRounds "9"]
[EventCountry "RUS"]
[SourceTitle "EXT 2022"]
[Source "ChessBase"]
[SourceDate "2021.10.06"]
[SourceVersion "1"]
[SourceVersionDate "2021.10.06"]
[SourceQuality "1"]

1. e4 e5 2. Nf3 Nc6 3. d4 exd4 4. Nxd4 Nxd4 5. Qxd4 Nf6 6. Nc3 d6 7. Qd1 Be6 8. Bd3 Be7 9. Be3 0-0 10. 0-0 d5 11. exd5 Nxd5 12. Qh5 Nf6 13. Qf3 c6 14. Rad1 Qa5 15. a3 Bg4 16. Qg3 Bxd1 17. Rxd1 Qh5 18. Be2 Qg6 19. Qc7 Rfe8 20. Qxb7 Rab8 21. Qxc6 Rxb2 22. Bd4 Rd8 23. Be3 Nd7 24. Rxd7 Qxc6 0-1

[Event "Lagan Grey Kaspian Sea-C"]
[Site "Lagan"]
[Date "2007.07.23"]
[Round "?"]
[White "Sangadzhi Goriaev, Sanal"]
[Black "Petukhov, Vladimir"]
[Result "1-0"]
[WhiteElo "1603"]
[BlackElo "1822"]
[PlyCount "67"]
[EventDate "2007.07.23"]
[EventType "tourn"]
[EventRounds "9"]
[EventCountry "RUS"]
[SourceTitle "EXT 2022"]
[Source "ChessBase"]
[SourceDate "2021.10.06"]
[SourceVersion "1"]
[SourceVersionDate "2021.10.06"]
[SourceQuality "1"]

1. d4 Nf6 2. c4 g6 3. Nc3 Bg7 4. Nf3 d6 5. Bg5 Nbd7 6. e3 h6 7. Bh4 0-0 8. Qc2 c5 9. Rd1 g5 10. Bg3 a6 11. Be2 Qe8 12. h3 Kh8 13. e4 cxd4 14. Nxd4 Nc5 15. b4 Ne6 16. Nf5 Nf4 17. Nxg7 Kxg7 18. Bxf4 gxf4 19. Qc1 e5 20. Rxd6 Qe7 21. c5 Be6 22. g3 fxg3 23. Rg1 Kh7 24. Rxg3 Rg8 25. Qe3 Qc7 26. Qf3 Qe7 27. Nd5 Nxd5 28. exd5 Bd7 29. Bd3+ e4 30. Qe3 Rxg3 31. Bxe4+ Kh8 32. Rxh6+ Kg7 33. Rh7+ Kf6 34. Qf4+ 1-0